000 00902nam a22002777i 4500
003 EG-ScBUE
005 20240324115246.0
008 200219s2023 ua f b 000 0 eng d
020 _a978977996961
040 _aEG-ScBUE
_beng
_erda
_cEG-ScBUE
_dEG-ScBUE
043 _ae-gr---
082 0 4 _222
_a882.0109
_bOTH
100 1 _aOthman, Ahlam,
_eauthor.
245 1 0 _aContemporary Irish adaptations of Greek tragedy /
_cAhlam Othman.
264 1 _aCairo :
_bScribe Publishing and Distribution,
_c2023.
300 _a507 pages ;
_c24 cm
336 _2rdacontent
_atext
_btxt
337 _2rdamedia
_aunmediated
_bn
338 _2rdacarrier
_avolume
_bnc
504 _aIncludes bibliographical references.
650 7 _aGreek drama (Tragedy)
_xHistory and criticism.
_2BUEsh
650 7 _aTheater
_zGreece.
_2BUEsh
655 _vReading book
942 _2ddc
_cBB
999 _c30722
_d30693